Terima kasih Ibu

Bibliographic Details
Corporate Author: Perbadanan Perpustakaan Awam Johor (Author)
Format: Book
Published: Johor Bahru : Perbadanan Perpustakaan Awam Johor 2021
Subjects:

MARC

LEADER 00000cam a2200000 7i4500
001 0000091868
005 20230724115135.0
020 |a 9789672888321 (  |q (paperback)) 
040 |e rda 
041 |a Malay 
090 0 0 |a JP   |b MAL 
110 0 |a Perbadanan Perpustakaan Awam Johor   |e (author) 
245 0 0 |a Terima kasih Ibu   |c Perbadanan Perpustakaan Awam Johor 
264 1 |a Johor Bahru :   |b Perbadanan Perpustakaan Awam Johor   |c 2021 
300 |a 15 pages :   |b color illustration ;   |c 18 cm. 
336 |a text  |2 rdacontent 
337 |a unmediated  |2 rdamedia 
338 |a volume  |2 rdacarrier 
500 |a Children age 4-6 years old (yellow) 
541 |c Purchased on 2021   |f PPAJ 
650 0 |a Children stories, Malay 
650 0 |a Malay   |x Fiction 
650 0 |a Mothers   |x Fiction 
730 0 |a Judul 
999 |a 0001730071   |b Book   |c Children Collection   |e Perbadanan Perpustakaan Awam Johor 
999 |a 0001730072   |b Book   |c Children Collection   |e Cawangan Urban Transformation Centre 
999 |a 0001730073   |b Book   |c Children Collection   |e Cawangan AEON Kulaijaya 
999 |a 0001730074   |b Book   |c Children Collection   |e Cawangan Batu Pahat 
999 |a 0001730075   |b Book   |c Children Collection   |e Cawangan Pontian 
999 |a 0001730076   |b Book   |c Children Collection   |e Cawangan Taman Sri Lambak 
999 |a 0001730077   |b Book   |c Children Collection   |e Cawangan Mersing 
999 |a 0001730078   |b Book   |c Children Collection   |e Cawangan Segamat 
999 |a 0001730079   |b Book   |c Children Collection   |e Cawangan Kota Tinggi 
999 |a 0001730080   |b Book   |c Children Collection   |e Cawangan Bandar Tenggara 
999 |a 0001730081   |b Book   |c Children Collection   |e Cawangan Sri Merlong 
999 |a 0001730082   |b Book   |c Children Collection   |e Cawangan Bandar Penawar 
999 |a 0001730083   |b Book   |c Children Collection   |e Cawangan Bukit Gambir 
999 |a 0001730084   |b Book   |c Children Collection   |e Cawangan Tangkak 
999 |a 0001730085   |b Book   |c Children Collection   |e Cawangan Muar 
999 |a 0001730086   |b Book   |c Children Collection   |e Cawangan Tmn. Ungku Tun Aminah 
999 |a 0001730087   |b Book   |c Children Collection   |e Cawangan Taman Universiti